Accrual Budgeting and Fiscal Policy /

Can an accrual budgeting system-a system in which budgetary spending authorizations to line ministries are formulated in accrual terms-serve the needs of good fiscal policy? If so, how must such a system be designed? What are the practical challenges which may arise in implementing sound fiscal poli...

সম্পূর্ণ বিবরণ

গ্রন্থ-পঞ্জীর বিবরন
প্রধান লেখক: Robinson, Marc
বিন্যাস: পত্রিকা
ভাষা:English
প্রকাশিত: Washington, D.C. : International Monetary Fund, 2009.
মালা:IMF Working Papers; Working Paper ; No. 2009/084
অনলাইন ব্যবহার করুন:Full text available on IMF
LEADER 01867cas a2200241 a 4500
001 AALejournalIMF005657
008 230101c9999 xx r poo 0 0eng d
020 |c 5.00 USD 
020 |z 9781451872316 
022 |a 1018-5941 
040 |a BD-DhAAL  |c BD-DhAAL 
100 1 |a Robinson, Marc. 
245 1 0 |a Accrual Budgeting and Fiscal Policy /  |c Marc Robinson. 
264 1 |a Washington, D.C. :  |b International Monetary Fund,  |c 2009. 
300 |a 1 online resource (33 pages) 
490 1 |a IMF Working Papers 
500 |a <strong>Off-Campus Access:</strong> No User ID or Password Required 
500 |a <strong>On-Campus Access:</strong> No User ID or Password Required 
506 |a Electronic access restricted to authorized BRAC University faculty, staff and students 
520 3 |a Can an accrual budgeting system-a system in which budgetary spending authorizations to line ministries are formulated in accrual terms-serve the needs of good fiscal policy? If so, how must such a system be designed? What are the practical challenges which may arise in implementing sound fiscal policy under a budgeting system which is significantly more complex than traditional cash budgeting? These are the primary questions addressed in this paper. Because any budgeting system must support the control of key fiscal policy aggregates, the paper also considers the case for reformulating fiscal policy in terms of accrual rather than cash aggregates. The primary focus is on the potential fiscal policy role of net lending and net financial debt. However, the paper also considers whether net worth is an aggregate with major fiscal policy relevance. 
538 |a Mode of access: Internet 
830 0 |a IMF Working Papers; Working Paper ;  |v No. 2009/084 
856 4 0 |z Full text available on IMF  |u http://elibrary.imf.org/view/journals/001/2009/084/001.2009.issue-084-en.xml  |z IMF e-Library